000 00863nam a2200241Ia 4500
008 100315s9999 xx 000 0 und d
020 _a0471029947 
040 _cENGLISH 
082 _b8244 
_a658.3125 
100 _a"Lefton, Robert E., Buzzotta, V.R., Sherberg, Manuel, Karraker, Dean L "
245 _aEffective Motivation Through Performance Appraisal
260 _aNew York 
_bJohn Wiley & sons  
_c1977 
300 _a"x,348  "
365 _eRupees 
_d
_b0.00 
366 _f
505 _gVaibhav Gaikwad 
530 _bDonated By RBI Library  
620 _a"Employee Motivation, Performance Standards, Human Resource Management "
630 _aEffective Motivation Through Performance Appraisal
650 _aHUMAN RESOURCE MANAGEMENT 
730 _aEffective Motivation Through Performance Appraisal
942 _cBOOK
999 _c482979
_d482976